000 01200 a2200169 4500
003 Nust
005 20170207152526.0
040 _cNust
082 _a004.65
100 _aSinha, Umesh
245 _aNetwork anlysis and synthesis
_cUmesh Sinha
260 _aNew Delhi
_bSatya Parkashan
_c1994
300 _ax,1000p
505 _aIntroduction (Page 1-19), Basic Circuits Elements (Page 20-43), Mesh and Node Analysis (Page 44-88), Network Topology (Page 89-165), Differential Equations (Page 166-229), Laplace Transformation (Page 230-290), Singularity Functions (Page 291-352), Fourier Series (Page 353-420), Network Theorems (Page 421-456), Impedance Functions (Page 457-525), Network Functions (Page 526-283), Frequency Response Plots (Page 584-628), Resonance (Page 629-674), Analogous System (Page 675-711), Two-Part Networks (Page 712-761), Input Power, Power Transfer and Insertion Loss (Page 762-789), Elements of Relizability (Page 790-837), Driving Point Synthesis (Page 838-882), Two Port Synthesis (Page 883-917), Approximation (Page 918-956), Synthesis if lattice and Constant Resistance Networks (Page 957-976).
538 _aAlmirah No.4 Shelf No.1
650 _aNetWork
942 _2ddc
_cBK
999 _c176463
_d176463